Berufsbezogene kommunikative Kompetenz

Znalosť cudzích jazykov sa v posledných desaťročiach stala v profesionálnom svete čoraz dôležitejšou. Cestovanie, cezhraničná mobilita v pracovnom živote a v porovnaní s minulosťou čoraz častejšie medzikultúrne kontakty v každodennom a profesionálnom prostredí sa stali pre mnohých ľudí bežnou súčasť...

Ausführliche Beschreibung

Gespeichert in:
Bibliographische Detailangaben
1. Verfasser: Kunovská, Ingrid, 1976-
Format: Buchkapitel
Sprache:Deutsch
Schlagworte:
Tags: Tag hinzufügen
Keine Tags, Fügen Sie das erste Tag hinzu!

MARC

LEADER 00000naa$a2200000$$$4500
001 0314327
005 20260127111521.9
041 0 |a ger 
044 |a SK 
245 1 0 |a Berufsbezogene kommunikative Kompetenz  |c Ingrid Kunovská 
520 |a Znalosť cudzích jazykov sa v posledných desaťročiach stala v profesionálnom svete čoraz dôležitejšou. Cestovanie, cezhraničná mobilita v pracovnom živote a v porovnaní s minulosťou čoraz častejšie medzikultúrne kontakty v každodennom a profesionálnom prostredí sa stali pre mnohých ľudí bežnou súčasťou života. Otázka, čo presne je odborná výučba nemeckého jazyka a ako by mala byť navrhnutá, aby spĺňala komunikačné požiadavky trhu práce a profesionálny rozvoj, by mala byť adresovaná a zodpovedaná všetkými učiteľmi cudzích jazykov. Komunikačná kompetencia na pracovisku je považovaná za jednu z najdôležitejších osobnostných čŕt pracujúceho človeka. 
610 2 0 |a jazykoveda 
610 2 0 |a filológia 
610 2 0 |a jazyky cudzie 
610 2 0 |a schopnosti pracovné 
610 2 0 |a kompetencie komunikačné 
610 2 0 |a zručnosti mäkké 
610 2 0 |a jazyk odborný 
610 2 0 |a nemčina 
610 2 0 |a vyučovanie 
610 2 0 |a vzdelávanie 
100 1 |a Kunovská, Ingrid, 1976-